000 00247nam a2200097Ia 4500
001 1204045
005 20250827022720.0
008 250824s9999 xx 000 0 und d
245 0 _aZOMBEYDEN KAÇIŞ
_cWILLİAM ALEXANDER
260 _bALTIN KİTAPLAR
999 _c1204045
_d1204045